| 000 | 01526cam a2200361 a 4500 | ||
|---|---|---|---|
| 001 | 100698 | ||
| 005 | 20230410101949.0 | ||
| 008 | 860109s1980 dr a 000 0 spa d | ||
| 010 | _a 94176244 | ||
| 035 | _a(OCoLC)ocm12993611 | ||
| 040 |
_aFU _cFUG _dDLC |
||
| 029 | 1 |
_aAU@ _b000011261020 |
|
| 035 | _a(OCoLC)12993611 | ||
| 042 | _alccopycat | ||
| 043 |
_anwdr--- _an-us--- |
||
| 050 | 1 | 4 |
_a118 F 1938.55 _bV182c 1980 |
| 100 | 1 |
_aVallejo _q(Augusto Vallejo) |
|
| 245 | 1 | 3 |
_aLa crisis, la izquierda y la confusión ideológica / _cVallejo, Hernández, García. |
| 250 | _a[2a ed.]. | ||
| 260 |
_a[Dominican Republic] : _bEdiciones Socialistas, _c[1980?] |
||
| 300 |
_a87 p. : _bill. ; _c18 cm. |
||
| 505 | 0 | _aLa crisis, la izquierda y la confusiòn ideològica / por Augusto Vallejo -- Dictadura burguesa fascista o "democrática" / por Alexis Hernández -- La polìtica exterior de Carter y la crisis dominicana / por David Garcìa -- La crisis actual / por David Garcìa -- La Segunda Conferencia del MLN-Corecato se pronuncia sobre las elecciones del 16 de mayo -- Respetemos la voluntad popular y rechacemos el fraude! | |
| 651 | 0 |
_aDominican Republic _xPolitics and government _y1961- |
|
| 610 | 2 | 0 | _aPartido Revolucionario Dominicano. |
| 651 | 0 |
_aUnited States _xForeign relations. |
|
| 651 | 4 | _a20151000 | |
| 700 | 1 |
_aHernández, _q(Alexis) |
|
| 700 | 1 |
_aGarcía, _q(David). |
|
| 710 | 2 | _aMovimiento de Liberaciòn Nacional (CORECATO) | |
| 942 |
_2lcc _cbk |
||
| 994 |
_aC0 _bDRFGD |
||
| 946 | _aJPR | ||
| 999 |
_c16512 _d16512 |
||